[Event "Standard Chess Senior Masters Leisure 2200+ "]
[Site "SchemingMind.com"]
[Date "2007.10.01"]
[Round "-"]
[White "Goran"]
[Black "kotofey"]
[Result "1-0"]
[WhiteCountry "ITA"]
[BlackCountry "LAT"]
[WhiteElo "2472"]
[WhiteRD "71"]
[BlackElo "2409"]
[BlackRD "90"]
[GameID "122822"]

1. d4 Nf6 2. c4 e6 3. Nf3 b6 4. g3 Bb7 5. Bg2 Be7 6. Nc3 O-O 7. Qc2 c5 8. d5 exd5 9. cxd5 Bxd5 10. Nxd5 Nxd5
11. O-O Nc6 12. Rd1 Nf6 13. e4 Qc7 14. e5 Nxe5 15. Nxe5 Qxe5 16. Bf4 Qh5 17. Bxa8 Rxa8 18. Re1 Bf8 19. Kg2 d5 20. Re5 Qg6
21. Qa4 Nh5 22. Bd2 d4 23. Qd1 Nf6 24. Qf3 Rd8 25. Rae1 h6 26. b3 Rc8 27. h4 c4 28. bxc4 Rxc4 29. h5 Qc2 30. Rc1 Qxa2
31. Rxc4 Qxc4 32. Bxh6 Nxh5 33. Rxh5 gxh6 34. Rd5 Qc8 35. Rxd4 a5 36. Qe2 Qe6 37. Re4 Qd5 38. f3 Bb4 39. Qa6 Bc5 40. Rg4+ Kf8
41. Qc8+ Ke7 42. Re4+ Kd6 43. Qd8+ Kc6 44. Qa8+ Kd6 45. Qc8 h5 46. Re2 Qd4 47. Kh3 Qa1 48. Rd2+ Bd4 49. Qd8+ Kc5 50. Qe7+ Kc4
51. Qe2+ Kb4 52. Rd1 Qc3 53. Qe4 Kc4 54. Qf4 Qe3 55. Qxf7+ Kc5 56. Rc1+ Bc3 57. Qc7+ Kb4 58. Rb1+ Ka3 59. Qxb6 Qxb6 60. Rxb6 a4
61. f4
1-0

[Event "Standard Chess Senior Masters Leisure 2200+ "]
[Site "SchemingMind.com"]
[Date "2007.10.01"]
[Round "-"]
[White "kotofey"]
[Black "Goran"]
[Result "1-0"]
[WhiteCountry "LAT"]
[BlackCountry "ITA"]
[WhiteElo "2395"]
[WhiteRD "85"]
[BlackElo "2425"]
[BlackRD "71"]
[GameID "122823"]

1. e4 e5 2. Nf3 Nc6 3. Bb5 a6 4. Ba4 Nf6 5. O-O Be7 6. Re1 b5 7. Bb3 d6 8. c3 O-O 9. h3 Na5 10. Bc2 c5
11. d4 Qc7 12. Nbd2 cxd4 13. cxd4 Bd7 14. Nf1 Rac8 15. Ne3 Nc6 16. d5 Nb4 17. Bb1 a5 18. a3 Na6 19. b4 Qb7 20. Bd2 Rc7
21. Qe2 g6 22. Bd3 Ra8 23. Reb1 axb4 24. axb4 Rcc8 25. Nh2 Nc7 26. Neg4 h5 27. Nxf6+ Bxf6 28. Be3 Be7 29. Nf3 Bd8 30. Bd2 Rxa1
31. Rxa1 Ra8 32. Ra5 Ra6 33. Bg5 Bxg5 34. Nxg5 Rxa5 35. bxa5 Na6 36. Qf3 Be8 37. Qf6 Qc7 38. Bf1 Nc5 39. f4 exf4 40. e5 dxe5
41. Kh2 f3 42. d6 Qa7 43. Nxf3
1-0

[Event "Standard Chess Senior Masters Leisure 2200+ "]
[Site "SchemingMind.com"]
[Date "2007.10.02"]
[Round "-"]
[White "Konan_Kaddosh"]
[Black "kotofey"]
[Result "1/2-1/2"]
[WhiteCountry "ITA"]
[BlackCountry "LAT"]
[WhiteElo "2467"]
[WhiteRD "58"]
[BlackElo "2370"]
[BlackRD "88"]
[GameID "122935"]

1. e4 c5 2. Nf3 Nc6 3. d4 cxd4 4. Nxd4 Nf6 5. Nc3 d6 6. Ndb5 a6 7. Nd4 e5 8. Nxc6 bxc6 9. Bc4 Be6 10. Qe2 d5
11. exd5 cxd5 12. Bxa6 d4 13. Bb5+ Nd7 14. Ne4 Be7 15. a4 O-O 16. O-O f5 17. Ng3 Qc7 18. Rd1 Nc5 19. b4 f4 20. Nh5 f3
21. gxf3 Bf7 22. Nxg7 Nxa4 23. Rxa4 Rxa4 24. Bxa4 Kxg7 25. f4 Kh8 26. Bb3 Bxb3 27. cxb3 Qb7 28. f3 Qxb4 29. Bb2 Qxb3 30. Rd3 Qb6
31. fxe5 Qg6+ 32. Kf1 Bc5 33. Bxd4 Rd8 34. e6+ Rxd4 35. Qe5+ Kg8 36. Rxd4 Bxd4 37. Qxd4 Qxe6 38. Qg4+ Qxg4 39. fxg4 Kf7 40. Ke2 Ke6
41. Kf3 Ke5 42. Ke3 Kf6 43. Kf4 Kf7 44. Kf5 Kg8 45. Kf6 Kf8 46. Ke5 Kg7 47. Kf5 Kf7= 48. Kg5 Kg7 49. h3 Kg8 50. Kf4 Kf7
51. Ke5 Kg6 52. h4 Kh6 53. Kd6 Kg6 54. Ke6 Kh6 55. Kf6
1/2-1/2

[Event "Standard Chess Senior Masters Leisure 2200+ "]
[Site "SchemingMind.com"]
[Date "2007.10.02"]
[Round "-"]
[White "Goran"]
[Black "Konan_Kaddosh"]
[Result "1/2-1/2"]
[WhiteCountry "ITA"]
[BlackCountry "ITA"]
[WhiteElo "2328"]
[WhiteRD "73"]
[BlackElo "2377"]
[BlackRD "62"]
[GameID "122936"]

1. d4 Nf6 2. c4 e6 3. Nf3 b6 4. g3 Ba6 5. b3 Bb4+ 6. Bd2 Be7 7. Bg2 c6 8. Bc3 d5 9. Ne5 Nfd7 10. Nxd7 Nxd7
11. Nd2 O-O 12. O-O Rc8 13. e4 c5 14. exd5 exd5 15. dxc5 dxc4 16. cxb6 Nxb6 17. Re1 cxb3 18. Qxb3=
1/2-1/2

[Event "Standard Chess Senior Masters Leisure 2200+ "]
[Site "SchemingMind.com"]
[Date "2007.10.02"]
[Round "-"]
[White "kotofey"]
[Black "Konan_Kaddosh"]
[Result "1/2-1/2"]
[WhiteCountry "LAT"]
[BlackCountry "ITA"]
[WhiteElo "2395"]
[WhiteRD "85"]
[BlackElo "2480"]
[BlackRD "58"]
[GameID "122937"]

1. e4 c5 2. Nf3 Nc6 3. d4 cxd4 4. Nxd4 Nf6 5. Nc3 d6 6. Bg5 e6 7. Qd2 Be7 8. O-O-O Nxd4 9. Qxd4 O-O 10. f4 Qa5
11. e5 dxe5 12. Qxe5 Qxe5 13. fxe5 Nd5 14. Bxe7 Nxe7 15. Bd3 b6 16. Be4 Rb8 17. Rhe1 Bb7 18. Rd7 Bxe4 19. Rxe4 Nc6 20. Nb5 Rfd8
21. Rd6 Rbc8 22. Rc4 Nxe5 23. Rxc8 Rxc8 24. Nxa7 Rb8 25. a4 Kf8 26. b3 Ke8 27. c4 Rb7 28. Nc8 Nd7 29. Rc6 Rb8 30. Nd6+ Ke7
31. Kc2 g5 32. b4 g4 33. Nb5 h5 34. Kb3 g3 35. h3 h4 36. Rc7 f5 37. Nd4 f4 38. Nf3 Ra8 39. c5=
1/2-1/2

[Event "Standard Chess Senior Masters Leisure 2200+ "]
[Site "SchemingMind.com"]
[Date "2007.10.09"]
[Round "-"]
[White "HanadaNo3"]
[Black "Goran"]
[Result "1/2-1/2"]
[WhiteCountry "USA"]
[BlackCountry "ITA"]
[WhiteElo "2403"]
[WhiteRD "75"]
[BlackElo "2351"]
[BlackRD "75"]
[GameID "123893"]

1. Nf3 d5 2. d4 Nf6 3. c4 c6 4. Qb3 e6 5. g3 b6 6. Nc3 Ba6 7. cxd5 cxd5 8. Bg2 Bd6 9. Bg5 O-O 10. Ne5 Nbd7
11. Qa4 Bb7 12. Nxd7 Qxd7 13. Qxd7 Nxd7 14. Nb5 Bb4+ 15. Bd2 Bxd2+ 16. Kxd2 Bc6 17. Nc3 f5 18. Rhc1 Nf6 19. Rc2 Rac8 20. Rac1 Bd7
21. e3 Ne4+ 22. Nxe4 Rxc2+ 23. Rxc2=
1/2-1/2

[Event "Standard Chess Senior Masters Leisure 2200+ "]
[Site "SchemingMind.com"]
[Date "2007.10.14"]
[Round "-"]
[White "HanadaNo3"]
[Black "kotofey"]
[Result "1/2-1/2"]
[WhiteCountry "USA"]
[BlackCountry "LAT"]
[WhiteElo "2403"]
[WhiteRD "75"]
[BlackElo "2353"]
[BlackRD "86"]
[GameID "123894"]

1. Nf3 Nf6 2. d4 e6 3. g3 b6 4. Bg2 Bb7 5. c4 Be7 6. O-O O-O 7. Re1 Ne4 8. Nfd2 d5 9. cxd5 exd5 10. Nc3 f5
11. Qb3 Kh8 12. Ndxe4 fxe4 13. Be3 Na6 14. Rad1 c6 15. f3 exf3 16. exf3 Bd6 17. f4 Qf6 18. Rd2 Rfe8 19. Qa4 Re7 20. Bf2 Rxe1+
21. Bxe1 Nc7 22. Bf2=
1/2-1/2

[Event "Standard Chess Senior Masters Leisure 2200+ "]
[Site "SchemingMind.com"]
[Date "2007.10.09"]
[Round "-"]
[White "HanadaNo3"]
[Black "Konan_Kaddosh"]
[Result "0-1"]
[WhiteCountry "USA"]
[BlackCountry "ITA"]
[WhiteElo "2392"]
[WhiteRD "82"]
[BlackElo "2525"]
[BlackRD "62"]
[GameID "123895"]

1. Nf3 Nf6 2. d4 e6 3. c4 b6 4. g3 Ba6 5. Qc2 Bb7 6. Bg2 c5 7. d5 exd5 8. cxd5 Nxd5 9. Qb3 Nf6 10. Ne5 d5
11. Nc3 Nbd7 12. Bf4 c4 13. Qc2 Bb4 14. O-O Bxc3 15. bxc3 Nc5 16. Rfd1 Qe7 17. Nf3 Bc6 18. a4 O-O 19. a5 Nb3 20. Ra2 bxa5
21. Nd4 Qb7 22. Nf5 Ne4 23. h4 Rad8 24. h5 f6 25. Rb2 a4 26. f3 Ng5 27. Bd6 Rfe8 28. Bc5 Ne6 29. Bf2 Qf7 30. g4 Qf8
31. Bf1 Rd7 32. Bg3 a3 33. Ra2 a5 34. e3 Ng5 35. Bg2 a4 36. Rb1 Nf7 37. Bf1 Ne5 38. Be2 Rb7 39. Kg2 Reb8 40. Qd1 Rb5
41. Bf4 Bd7 42. Ng3 Be6 43. e4 Nd4 44. Rxb5 Nxb5 45. Qc1 h6 46. exd5 Bxd5 47. Nf5 Re8 48. Bxe5 fxe5 49. Qd2 Qf7 50. Ne3 Be6
51. Bd1 Rf8 52. Kg1 Qb7 53. Ng2 e4 54. fxe4 Qxe4
0-1

[Event "Standard Chess Senior Masters Leisure 2200+ "]
[Site "SchemingMind.com"]
[Date "2007.10.09"]
[Round "-"]
[White "Goran"]
[Black "HanadaNo3"]
[Result "1-0"]
[WhiteCountry "ITA"]
[BlackCountry "USA"]
[WhiteElo "2472"]
[WhiteRD "71"]
[BlackElo "2387"]
[BlackRD "75"]
[GameID "123896"]

1. d4 Nf6 2. c4 g6 3. Nc3 Bg7 4. e4 d6 5. h3 O-O 6. Bd3 c5 7. d5 Qa5 8. Bd2 Na6 9. a3 Nd7 10. f4 Qd8
11. Nf3 Nc7 12. O-O a6 13. b3 b5 14. Qe1 e5 15. f5 Rb8 16. Rb1 Nf6 17. g4 Bd7 18. Qh4 Re8 19. Bg5 Rf8 20. Be3 Re8
21. Nd2 a5 22. Ne2 Bc8 23. Rf2 Rf8 24. fxg6 fxg6 25. cxb5 Nxb5 26. Bg5 Nc7 27. Rbf1 Nce8 28. Nc3 Qb6 29. Bb5 c4 30. Nxc4 Qd4
31. Ne2 Qc5 32. Bxe8 Nxe8 33. Nxa5 Qxa5 34. Rxf8+ Bxf8 35. Qf2 Nf6 36. Qxf6 Qa7+ 37. Kg2 Qg7 38. Qxg7+ Bxg7 39. Rf3 Bf8 40. Ng3 Bd7
41. Rc3 Kf7 42. a4 Be7 43. Bxe7 Kxe7 44. Nh1 h5 45. Nf2 hxg4 46. hxg4 Ra8 47. g5 Rh8 48. a5 Ra8 49. b4 Rb8 50. Rb3 Kd8
51. Rf3 Rxb4 52. Rf6 Ra4 53. Rxd6 Rxa5 54. Rxg6 Ra7 55. Rd6
1-0

[Event "Standard Chess Senior Masters Leisure 2200+ "]
[Site "SchemingMind.com"]
[Date "2007.10.14"]
[Round "-"]
[White "kotofey"]
[Black "HanadaNo3"]
[Result "1-0"]
[WhiteCountry "LAT"]
[BlackCountry "USA"]
[WhiteElo "2409"]
[WhiteRD "90"]
[BlackElo "2387"]
[BlackRD "75"]
[GameID "123897"]

1. Nf3 Nf6 2. c4 g6 3. Nc3 Bg7 4. e4 d6 5. d4 O-O 6. Be2 e5 7. O-O Nc6 8. d5 Ne7 9. b4 Nh5 10. Re1 f5
11. Ng5 Nf6 12. f3 Kh8 13. Ne6 Bxe6 14. dxe6 Nh5 15. g3 Bf6 16. Bh6 Ng7 17. Rc1 Nxe6 18. Bxf8 Qxf8 19. exf5 Nxf5 20. Bd3 Nfd4
21. Be4 c6 22. Rf1 Bg5 23. Rb1 a6 24. a4 b5 25. axb5 axb5 26. cxb5 d5 27. Bd3 Ra3 28. f4 Bxf4 29. Ne2 Be3+ 30. Kh1 Qe8
31. Ra1 Rxa1 32. Qxa1 cxb5 33. Nc3 e4 34. Bxb5 Qd8 35. Ba6 Qd7 36. b5 Nf5 37. Nxd5+ Bd4 38. Qa2 Nc7 39. Nf4 e3 40. Rd1 Qe8
41. Qg2 Qe5 42. Qc6 e2 43. Re1 Be3 44. Rxe2 Qa1+ 45. Kg2 Qg1+ 46. Kh3 Bxf4 47. b6 Qf1+ 48. Qg2 Qxg2+ 49. Kxg2 Nxa6 50. gxf4 Nd4
51. Re8+ Kg7 52. Re7+ Kh6 53. b7 Nb8 54. Rf7 Ndc6 55. Kf3 Nd8 56. Rc7 Na6 57. Ke3 Nb8 58. Kd3 Na6 59. Kc4
1-0

[Event "Standard Chess Senior Masters Leisure 2200+ "]
[Site "SchemingMind.com"]
[Date "2007.10.09"]
[Round "-"]
[White "Konan_Kaddosh"]
[Black "HanadaNo3"]
[Result "1/2-1/2"]
[WhiteCountry "ITA"]
[BlackCountry "USA"]
[WhiteElo "2415"]
[WhiteRD "58"]
[BlackElo "2402"]
[BlackRD "75"]
[GameID "123898"]

1. e4 e5 2. Nf3 Nc6 3. Bb5 a6 4. Ba4 Nf6 5. O-O Be7 6. Re1 b5 7. Bb3 O-O 8. d3 d6 9. c3 Na5 10. Bc2 c5
11. Nbd2 Be6 12. Nf1 Nd7 13. Ne3 Nc6 14. Bb3 Nf6 15. Bd2 Qd7 16. Qe2 h6 17. h3 Rab8 18. Bxe6= fxe6 19. Nc2 a5 20. Rad1 a4
21. d4 exd4 22. cxd4 e5=
1/2-1/2

[Event "Standard Chess Senior Masters Leisure 2200+ "]
[Site "SchemingMind.com"]
[Date "2007.10.09"]
[Round "-"]
[White "Aumonde"]
[Black "HanadaNo3"]
[Result "1/2-1/2"]
[WhiteCountry "USA"]
[BlackCountry "USA"]
[WhiteElo "2280"]
[WhiteRD "56"]
[BlackElo "2391"]
[BlackRD "75"]
[GameID "123938"]

1. e4 e5 2. Nf3 Nc6 3. Bb5 a6 4. Ba4 Nf6 5. O-O Be7 6. Nc3 b5 7. Bb3 d6 8. Nd5 Na5 9. Nxe7 Qxe7 10. d3 O-O
11. Bg5 h6 12. Bxf6 Qxf6 13. Qd2 Nxb3 14. axb3 Bg4 15. Ne1 Qg5 16. Qxg5 hxg5 17. f3 Be6 18. b4 c5 19. bxc5 dxc5 20. Ra5 c4
21. dxc4 Bxc4 22. Nd3 Bxd3 23. cxd3 Rfd8 24. Rd1 Rac8=
1/2-1/2

[Event "Standard Chess Senior Masters Leisure 2200+ "]
[Site "SchemingMind.com"]
[Date "2007.10.09"]
[Round "-"]
[White "Aumonde"]
[Black "Goran"]
[Result "0-1"]
[WhiteCountry "USA"]
[BlackCountry "ITA"]
[WhiteElo "2201"]
[WhiteRD "62"]
[BlackElo "2425"]
[BlackRD "71"]
[GameID "123939"]

1. e4 e5 2. Nf3 Nc6 3. Bb5 a6 4. Bxc6 dxc6 5. d4 exd4 6. Qxd4 Qxd4 7. Nxd4 Bd7 8. Be3 O-O-O 9. f3 c5 10. Nb3 b6
11. Nc3 Bd6 12. O-O-O Ne7 13. f4 f6 14. Nd2 Bg4 15. Rde1 Nc6 16. Nc4 Bf8 17. f5 Bh5 18. Bf4 Bf7 19. Ne3 Bd6 20. Bxd6 Rxd6
21. h4 b5 22. h5 h6 23. Rh3 Rd4 24. Rg3 Rg8 25. Rh1 Kb7 26. Ng4 Rd7 27. Nf2 Nd4 28. Nd3 Kb6 29. Kb1 c6 30. a3 a5
31. Rg4 Rgd8 32. Rg3 c4 33. Nf4 b4 34. Nce2 Nxe2 35. Nxe2 Bxh5 36. Nf4 Rd1+ 37. Rxd1 Bxd1 38. Ne6 Rd6 39. Nxg7 b3 40. cxb3 cxb3
41. Rc3 Bc2+ 42. Rxc2 bxc2+ 43. Kxc2 Rd4 44. e5 fxe5 45. Ne6 Rd6 46. Kc3 e4 47. Nf4 a4 48. Kc4 e3 49. Kc3 Kc7
0-1

[Event "Standard Chess Senior Masters Leisure 2200+ "]
[Site "SchemingMind.com"]
[Date "2007.10.14"]
[Round "-"]
[White "Aumonde"]
[Black "kotofey"]
[Result "1/2-1/2"]
[WhiteCountry "USA"]
[BlackCountry "LAT"]
[WhiteElo "2249"]
[WhiteRD "57"]
[BlackElo "2317"]
[BlackRD "89"]
[GameID "123940"]

1. d4 Nf6 2. c4 e6 3. Nf3 b6 4. a3 Bb7 5. g3 c5 6. dxc5 Bxc5 7. Bg2 O-O 8. O-O d5 9. cxd5 Nxd5 10. Nbd2 Nd7
11. e4 N5f6 12. b4 Be7 13. e5 Nd5 14. Bb2 a5 15. b5=
1/2-1/2

[Event "Standard Chess Senior Masters Leisure 2200+ "]
[Site "SchemingMind.com"]
[Date "2007.10.10"]
[Round "-"]
[White "Aumonde"]
[Black "Konan_Kaddosh"]
[Result "1/2-1/2"]
[WhiteCountry "USA"]
[BlackCountry "ITA"]
[WhiteElo "2190"]
[WhiteRD "59"]
[BlackElo "2444"]
[BlackRD "56"]
[GameID "123941"]

1. Nf3 Nf6 2. g3 g6 3. Bg2 Bg7 4. O-O O-O 5. d3 c5 6. c4 Nc6 7. Nc3 d6 8. Bg5 Bg4 9. h3 Bd7 10. Qd2 Qc8
11. Kh2 Re8 12. Rfc1 Qc7 13. a3 Na5 14. Qc2 Nc6 15. e3 Qd8 16. Rab1 a5 17. Rd1 h6 18. Bxf6 Bxf6 19. d4 cxd4 20. Nxd4 Nxd4
21. exd4 Rb8 22. c5 dxc5 23. dxc5 Qc8 24. Qd2 Bf5 25. Rbc1 Qxc5 26. Nd5 Qd6 27. Rc7 Kg7 28. Qxa5 Bxb2 29. Nxe7 Bd3 30. Nd5 Ba6
31. Ne3 Re5 32. Rxd6 Rxa5 33. Bd5 Rf8 34. Rdd7 Rxa3 35. Rxf7+ Rxf7 36. Rxf7+ Kh8 37. Bxb7 Bd3 38. Rd7 h5 39. h4 Bc1 40. Bd5 Bxe3=
41. fxe3 Bf5 42. Re7 Rd3 43. e4 Rd2+ 44. Kh1 Bh3 45. Rf7 Re2 46. Rf4 Kg7= 47. Bc4 Rc2 48. Ba6 g5 49. hxg5 Kg6 50. Bd3 Rd2
51. Bc4 Kxg5 52. Bd5 Re2 53. Bb7=
1/2-1/2

[Event "Standard Chess Senior Masters Leisure 2200+ "]
[Site "SchemingMind.com"]
[Date "2007.10.09"]
[Round "-"]
[White "HanadaNo3"]
[Black "Aumonde"]
[Result "1/2-1/2"]
[WhiteCountry "USA"]
[BlackCountry "USA"]
[WhiteElo "2392"]
[WhiteRD "75"]
[BlackElo "2181"]
[BlackRD "63"]
[GameID "123942"]

1. Nf3 c5 2. c4 g6 3. e4 Bg7 4. d4 cxd4 5. Nxd4 Nc6 6. Be3 Nf6 7. Nc3 Ng4 8. Qxg4 Nxd4 9. Qd1 Nc6 10. Qd2 O-O
11. Be2 Qa5 12. O-O d6 13. f4 Be6 14. Rac1 f5 15. exf5 Bxf5 16. Bf3 Kh8 17. Rcd1 Rac8 18. Rfe1 Qb4= 19. Bf2 Qxc4 20. Bxc6 Qxc6
21. Rxe7 Rfe8 22. Nd5 Qc2 23. Bxa7 Rxe7 24. Nxe7 Qxd2 25. Rxd2 Rc1+ 26. Kf2 Bb1 27. b3 Bc3 28. a3 Rc2 29. Rxc2 Bxc2 30. Ke3 Bxb3
31. Nc8 Ba5 32. Nxd6 Bc7 33. Ne4 b6 34. g3 Kg7 35. Kd4 Kf7 36. Nd2 Be6 37. Nc4 b5 38. Nd2 Bd8 39. Ne4 Bf6+ 40. Kc5 Be7+
41. Kxb5 Bd7+ 42. Kc4 Bxa3 43. Bc5 Bb2= 44. Ng5+ Kg8 45. Bd4 Ba3 46. Kd5 Bc8 47. Bc5 Bb2 48. Kd6 Kg7 49. Be3 Kg8= 50. Ne4 Bb7
51. Nc5 Ba3 52. Kc7 Bxc5 53. Bxc5 Bf3 54. Kd6 Kf7 55. Bd4 Bg4 56. Ba1 Ke8 57. Bc3 Kf7 58. Bd4 Bh3 59. Ke5 Ke7 60. Be3=
1/2-1/2

[Event "Standard Chess Senior Masters Leisure 2200+ "]
[Site "SchemingMind.com"]
[Date "2007.10.09"]
[Round "-"]
[White "Goran"]
[Black "Aumonde"]
[Result "1-0"]
[WhiteCountry "ITA"]
[BlackCountry "USA"]
[WhiteElo "2425"]
[WhiteRD "71"]
[BlackElo "2201"]
[BlackRD "62"]
[GameID "123943"]

1. d4 d5 2. c4 c6 3. Nf3 Nf6 4. Nc3 dxc4 5. a4 Bf5 6. Ne5 Nbd7 7. Nxc4 Qc7 8. g3 e5 9. dxe5 Nxe5 10. Bf4 Nfd7
11. Bg2 f6 12. O-O Nc5 13. Ne3 Bg6 14. b4 Ne6 15. Qb3 Bf7 16. Qb1 Rd8 17. Rc1 Nxf4 18. gxf4 Ng6 19. b5 Bc5 20. bxc6 bxc6
21. Nb5 Qb6 22. Bxc6+ Qxc6 23. Qf5 Nxf4 24. Qxf4 Qb6 25. Nc4 Bxc4 26. Nc7+ Ke7 27. Rxc4 Kf7 28. Rac1 Ba3 29. R1c2 Rd1+ 30. Kg2 Rhd8
31. Qe4 h6 32. Nb5 Bd6 33. Rc6 Qa5 34. Qf5 Qe1 35. Nxd6+ R8xd6 36. Qh5+ Ke7 37. Rc7+ Rd7 38. Rxd7+ Rxd7 39. Qg6 Kd8 40. Qh7 Qa5
41. Qg8+ Ke7 42. Qxg7+ Ke8 43. Rc8+ Rd8 44. Qg8+ Kd7 45. Qxd8+ Qxd8 46. Rxd8+
1-0

[Event "Standard Chess Senior Masters Leisure 2200+ "]
[Site "SchemingMind.com"]
[Date "2007.10.14"]
[Round "-"]
[White "kotofey"]
[Black "Aumonde"]
[Result "1/2-1/2"]
[WhiteCountry "LAT"]
[BlackCountry "USA"]
[WhiteElo "2317"]
[WhiteRD "89"]
[BlackElo "2249"]
[BlackRD "57"]
[GameID "123944"]

1. Nf3 c5 2. e4 d6 3. d4 cxd4 4. Nxd4 Nf6 5. Nc3 Nc6 6. Bg5 e6 7. Qd2 Be7 8. O-O-O O-O 9. f3 a6 10. h4 Nxd4
11. Qxd4 b5 12. e5 dxe5 13. Qxe5 Qb6 14. h5 h6 15. Be3 Qb8 16. Qxb8 Rxb8 17. Bd3= e5 18. Ne4 Be6=
1/2-1/2

[Event "Standard Chess Senior Masters Leisure 2200+ "]
[Site "SchemingMind.com"]
[Date "2007.10.10"]
[Round "-"]
[White "Konan_Kaddosh"]
[Black "Aumonde"]
[Result "1-0"]
[WhiteCountry "ITA"]
[BlackCountry "USA"]
[WhiteElo "2415"]
[WhiteRD "58"]
[BlackElo "2249"]
[BlackRD "57"]
[GameID "123945"]

1. e4 e5 2. Nf3 Nf6 3. Nxe5 d6 4. Nf3 Nxe4 5. d4 d5 6. Bd3 Be7 7. O-O O-O 8. c4 Bg4 9. Nc3 Nxc3 10. bxc3 c5
11. cxd5 cxd4 12. c4 Nd7 13. h3 Bh5 14. g4 Bg6 15. Bxg6 hxg6 16. Bb2 Rc8 17. Rc1 Qa5 18. Re1 Bc5 19. Bxd4 Qxa2 20. Bxc5 Nxc5
21. Ne5 Rce8 22. Ra1 Qb2 23. Rb1 Qa3 24. Qd4 a6 25. d6 Re6 26. Qd5 b6 27. Re3 Qa2 28. Rxb6 Qa1+ 29. Kg2 Rxe5 30. Rxe5 Nd7
31. Rb7 Qxe5 32. Rxd7 Qxd5+= 33. cxd5 a5 34. Rc7 Kh7 35. d7 Rd8 36. d6 a4 37. Kf3 a3 38. Ra7 a2 39. Rxa2 Rxd7 40. Ra6 Rd8
41. Ke4 Kg8 42. Kd5
1-0

[Event "Standard Chess Senior Masters Leisure 2200+ "]
[Site "SchemingMind.com"]
[Date "2007.10.12"]
[Round "-"]
[White "chesshub"]
[Black "HanadaNo3"]
[Result "1/2-1/2"]
[WhiteCountry "FRA"]
[BlackCountry "USA"]
[WhiteElo "2343"]
[WhiteRD "83"]
[BlackElo "2392"]
[BlackRD "75"]
[GameID "124349"]

1. d4 Nf6 2. c4 e6 3. Nf3 c5 4. d5 exd5 5. cxd5 d6 6. e4 g6 7. Bd3 Bg7 8. h3 O-O 9. Nc3 a6 10. a4 Nbd7
11. O-O Qe7 12. Re1 Ne5 13. Nxe5 Qxe5 14. f4 Qd4+ 15. Be3 Qb4 16. Qc2 Re8 17. Kh2 Bd7 18. Bd2 c4 19. Bf1 Rac8 20. g3 Qc5
21. Be3 Qb4=
1/2-1/2

[Event "Standard Chess Senior Masters Leisure 2200+ "]
[Site "SchemingMind.com"]
[Date "2007.10.12"]
[Round "-"]
[White "chesshub"]
[Black "Aumonde"]
[Result "1-0"]
[WhiteCountry "FRA"]
[BlackCountry "USA"]
[WhiteElo "2354"]
[WhiteRD "77"]
[BlackElo "2201"]
[BlackRD "62"]
[GameID "124350"]

1. e4 c6 2. d4 d5 3. Nc3 dxe4 4. Nxe4 Bf5 5. Ng3 Bg6 6. h4 h6 7. Nf3 Nd7 8. h5 Bh7 9. Bd3 Bxd3 10. Qxd3 e6
11. Bf4 Qa5+ 12. Bd2 Qc7 13. O-O-O Ngf6 14. Ne4 Be7 15. Nxf6+ Nxf6 16. Ne5 Bd6 17. Qe2 Rd8 18. Kb1 O-O 19. g4 c5 20. g5 cxd4
21. Nf3 hxg5 22. Bxg5 Bf4 23. h6 Bxg5 24. hxg7 Kxg7 25. Nxg5 Rg8 26. Qf3 Qe7 27. Rdg1 Kf8 28. Rg3 Rd5 29. Qf4 Rg6 30. Nh7+ Nxh7
31. Rxg6
1-0

[Event "Standard Chess Senior Masters Leisure 2200+ "]
[Site "SchemingMind.com"]
[Date "2007.10.13"]
[Round "-"]
[White "chesshub"]
[Black "Goran"]
[Result "1/2-1/2"]
[WhiteCountry "FRA"]
[BlackCountry "ITA"]
[WhiteElo "2333"]
[WhiteRD "75"]
[BlackElo "2472"]
[BlackRD "71"]
[GameID "124351"]

1. e4 e5 2. Nf3 Nf6 3. Nxe5 d6 4. Nf3 Nxe4 5. d4 d5 6. Bd3 Nc6 7. O-O Be7 8. Nbd2 Nxd2 9. Bxd2 Bg4 10. c3 O-O
11. Bf4 Bd6 12. Bxd6 Qxd6 13. Re1 Bh5 14. Re3 f5 15. a3 g6 16. b4 Rae8 17. Qf1 Bxf3 18. Rxf3 Nd8 19. Re1 Rxe1 20. Qxe1 f4
21. h4 Ne6 22. Bc2 c6 23. g3 g5 24. Qe5 Qxe5 25. dxe5 gxh4 26. gxh4 h6 27. Kf1 Kf7 28. Bf5 Ke7 29. Bh3 Rf7 30. Ke2 Nf8
31. h5 Ne6 32. Bg4 a6 33. a4 Rf8 34. Rd3 Rg8 35. Kf3 Rg5 36. Rd1 Rxe5 37. Rg1 Kf7 38. Bxe6+ Rxe6 39. Kxf4 Re4+ 40. Kf5 Rh4
41. Ke5 Rxh5+ 42. Kd6 Kf6=
1/2-1/2

[Event "Standard Chess Senior Masters Leisure 2200+ "]
[Site "SchemingMind.com"]
[Date "2007.10.14"]
[Round "-"]
[White "chesshub"]
[Black "kotofey"]
[Result "1/2-1/2"]
[WhiteCountry "FRA"]
[BlackCountry "LAT"]
[WhiteElo "2477"]
[WhiteRD "64"]
[BlackElo "2476"]
[BlackRD "84"]
[GameID "124352"]

1. e4 c5 2. Nf3 e6 3. Nc3 Nc6 4. d4 cxd4 5. Nxd4 Qc7 6. Be2 a6 7. O-O Nf6 8. Be3 Bb4 9. Na4 Be7 10. Nxc6 bxc6
11. Nb6 Rb8 12. Nxc8 Qxc8 13. Bd4 c5 14. Be5 Rb6 15. Qd3 d6 16. Bc3 O-O 17. b3 d5 18. e5 Ne4 19. Ba5 Rb5 20. Be1 Qc7
21. f4 c4 22. bxc4 Nc5 23. Qf3 dxc4 24. Bxc4 Rb2 25. Qe2 Qc6 26. Bc3 Rbb8 27. Kh1 g6 28. Bd4 Rfd8 29. Bxc5 Bxc5 30. Bxa6 Rd4
31. Bc4 Qa8 32. Rf3 Rbd8 33. Bd3 Qa5 34. a3 Bb4 35. Qe3 Bc5 36. Qe1 Qa4 37. Qh4 Rb8 38. Rh3 h5 39. Rf1 Bf8 40. Rg3 Bg7
41. Qg5 Qa7 42. h3 Ra4 43. Rc1 Qd4 44. f5 exf5 45. e6 Qf6 46. Qxf6 Bxf6 47. Bxf5 Kh7 48. Bd3 Bh4 49. Rf3 f5 50. c4 Kg7
51. c5 Rxa3 52. c6 Bg5 53. Rc2 h4 54. g4 hxg3 55. Be2 Ra1+ 56. Kg2 Rc8 57. Rd3 Kf6 58. Rd7 Kxe6 59. Bc4+ Kf6 60. Re2 Bh4
61. Re6+ Kg5 62. Rdd6 Rb8 63. Rxg6+ Kf4 64. Rd4+ Ke5 65. Rd2 Rd8 66. Rxd8 Bxd8 67. Rxg3 Rc1 68. Re3+ Kd4 69. Rd3+ Ke4 70. Rxd8 Rxc4
71. Rc8 Kd5 72. c7 Kd6 73. Rf8=
1/2-1/2

[Event "Standard Chess Senior Masters Leisure 2200+ "]
[Site "SchemingMind.com"]
[Date "2007.10.12"]
[Round "-"]
[White "chesshub"]
[Black "Konan_Kaddosh"]
[Result "1/2-1/2"]
[WhiteCountry "FRA"]
[BlackCountry "ITA"]
[WhiteElo "2341"]
[WhiteRD "73"]
[BlackElo "2492"]
[BlackRD "59"]
[GameID "124353"]

1. e4 c5 2. Nf3 Nc6 3. d4 cxd4 4. Nxd4 e5 5. Nb5 d6 6. c4 Be7 7. N1c3 a6 8. Na3 f5 9. exf5 Bxf5 10. Bd3 Be6
11. O-O Nf6 12. Nc2 O-O 13. b3 b5 14. Nd5 Rc8 15. Bb2 bxc4 16. Bxc4 Nxd5 17. Bxd5 Bf7 18. Ne3 Qa5 19. Bxf7+ Rxf7 20. Nc4 Qc7
21. Qd5 Nb4 22. Qd2 e4 23. Qxb4 d5 24. Qd2 dxc4 25. Rac1 Qd8 26. Qxd8+ Bxd8 27. Rxc4 Rxc4 28. bxc4 Bb6 29. Ba3 Bd4 30. g3 Rf3
31. Bb4 Kf7 32. Kg2 Ke6 33. a3=
1/2-1/2

[Event "Standard Chess Senior Masters Leisure 2200+ "]
[Site "SchemingMind.com"]
[Date "2007.10.17"]
[Round "-"]
[White "HanadaNo3"]
[Black "chesshub"]
[Result "1/2-1/2"]
[WhiteCountry "USA"]
[BlackCountry "FRA"]
[WhiteElo "2392"]
[WhiteRD "75"]
[BlackElo "2343"]
[BlackRD "83"]
[GameID "124354"]

1. Nf3 d5 2. d4 c6 3. c4 Nf6 4. Qc2 e6 5. Bg5 Nbd7 6. e3 Qa5+ 7. Nc3 Bb4 8. Nd2 O-O 9. a3 dxc4 10. Bxf6 Nxf6
11. Nxc4 Bxc3+ 12. bxc3 Qc7 13. Bd3 c5 14. Ne5 b6 15. O-O Bb7 16. a4 Rac8 17. Rfc1 Rfd8 18. a5=
1/2-1/2